| 000 | 00696nam a22002177a 4500 | ||
|---|---|---|---|
| 942 | _cBK | ||
| 999 |
_c769 _d769 |
||
| 005 | 20250420134824.0 | ||
| 008 | 211116b ||||| |||| 00| 0 eng d | ||
| 020 | _a9780582344587 | ||
| 040 | _cKCST | ||
| 082 |
_a428.24 _bFi Co |
||
| 100 |
_aFitikides, T J _95570 |
||
| 245 |
_aCommon mistakes in English : _bwith exercises / _cT J Fitikides |
||
| 250 | _anew edition | ||
| 260 |
_aHarlow, Essex: _bLongman - Pearson _cc2000 [2020] |
||
| 300 | _a200 p. | ||
| 650 |
_aEnglish language _vErrors of usage. _95571 |
||
| 650 |
_aEnglish language _vTextbooks for foreign speakers. _94734 |
||
| 650 |
_aEnglish language _vGrammar -- Problems, exercises, etc. _95572 |
||
| 942 | _2ddc | ||